书目信息 |
| 题名: |
海军兵器大观
|
|
| 作者: | 汉亚芳 编著 | |
| 分册: | ||
| 出版信息: | 哈尔滨 哈尔滨工程大学出版社 2008.04 |
|
| 页数: | 191页 | |
| 开本: | 24cm | |
| 丛书名: | 海洋百科知识系列丛书 | |
| 单 册: | ||
| 中图分类: | E925-49 | |
| 科图分类: | ||
| 主题词: | 海军--hai jun--武器--普及读物 | |
| 电子资源: | ||
| ISBN: | 978-7-81133-148-6 | |
| 000 | 01176nam 2200265 450 | |
| 001 | 012008098833 | |
| 005 | 20080902082542.90 | |
| 010 | @a978-7-81133-148-6@dCNY25.00 | |
| 100 | @a20080901d2008 em y0chiy0120 ea | |
| 101 | 0 | @achi |
| 102 | @aCN@b230000 | |
| 105 | @aa z 000yy | |
| 106 | @ar | |
| 200 | 1 | @a海军兵器大观@Ahai jun bing qi da guan@d= Navy weapons surveyal@f汉亚芳编著@Fhan ya fang bian zhu@zeng |
| 210 | @a哈尔滨@c哈尔滨工程大学出版社@d2008.04 | |
| 215 | @a191页@c图@d24cm | |
| 225 | 2 | @a海洋百科知识系列丛书@Ahai yang bai ke zhi shi xi lie cong shu |
| 330 | @a本书是一本面向大众的科普读物,介绍了各种海军兵器 (如舰炮、鱼水雷、导弹及电子对抗)的构造、原理、发展进程 及典型的实战战例,并展望了海军兵器的未来发展。全书共五部分:一、弓箭刀枪战海洋——冷兵器时代;二、战神不断 显神威——舰炮;三、水下煞星鬼神惊——水中兵器;四、劈 波斩浪的神箭——海军导弹;五、没有硝烟的战争——电 子战。 | |
| 410 | 0 | @12001 @a海洋百科知识系列丛书 |
| 510 | 1 | @aNavy weapons surveyal@zeng |
| 606 | 0 | @a海军@Ahai jun@x武器@j普及读物 |
| 690 | @aE925-49@v4 | |
| 701 | 0 | @a汉亚芳@Ahan ya fang@4编著 |
| 801 | 0 | @aCN@bQSSK@c20080902 |
| 905 | @b734396-98@dE925-49@eH114@f3 | |
| 海军兵器大观= Navy weapons surveyal/汉亚芳编著.-哈尔滨:哈尔滨工程大学出版社,2008.04 |
| 191页:图;24cm.-(海洋百科知识系列丛书) |
| ISBN 978-7-81133-148-6:CNY25.00 |
| 本书是一本面向大众的科普读物,介绍了各种海军兵器 (如舰炮、鱼水雷、导弹及电子对抗)的构造、原理、发展进程 及典型的实战战例,并展望了海军兵器的未来发展。全书共五部分:一、弓箭刀枪战海洋——冷兵器时代;二、战神不断 显神威——舰炮;三、水下煞星鬼神惊——水中兵器;四、劈 波斩浪的神箭——海军导弹;五、没有硝烟的战争——电 子战。 |
| ● |
| 相关链接 |
|
|
|
正题名:海军兵器大观
索取号:E925-49/H114
 
预约/预借
| 序号 | 登录号 | 条形码 | 馆藏地/架位号 | 状态 | 备注 |
| 1 | 734396 | 207343962 | 社科库509/509社科库 126排2列5层/ [索取号:E925-49/H114] | 在馆 | |
| 2 | 734397 | 207343971 | 社科库509/509社科库 126排2列5层/ [索取号:E925-49/H114] | 在馆 | |
| 3 | 734398 | 207343980 | 社科库509/509社科库 126排2列5层/ [索取号:E925-49/H114] | 在馆 |